000 00686nam a2200229 a 4500
001 BRCA_3926
005 20190320204458.0
008 100110s1946----mx-a######---#000-0#spa-#
041 _aspa
044 _amx
050 4 _aF1386
_b.M49 1946
245 1 0 _aMéxico en el tiempo
_bel marco de la capital
_ceditado por Roberto Olavarria.
260 _aMéxico
_bTalls. de Excelsior
_c1946
300 _a285 p.
_bil.
_c29 cm.
500 _aIncluye índice de personas e índice de materias.
500 _aC76
651 4 _aMéxico (Ciudad)
_vDescripción
_910032
651 4 _aMéxico
_v(Ciudad)
_xHistoria
_910214
700 1 _aOlavarria, Roberto
_910215
902 _aGFM
942 _2lcc
_cB
999 _c3653
_d3653